| 000 | 00505nam a22001817a 4500 | ||
|---|---|---|---|
| 003 | CEME | ||
| 005 | 20210628203235.0 | ||
| 008 | 210119b xxu||||| |||| 00| 0 eng d | ||
| 020 | _a0-87352-383-0 | ||
| 040 | _cceme | ||
| 082 | _a378.12 JAR | ||
| 100 |
_aJarvis, Donald.K _964209 |
||
| 245 | _aJunior faculty development , a handbook | ||
| 260 |
_aNEWYORK _bTHE MODERN LANGUAGE ASSOCIATION OF AMERICA _c1991 |
||
| 300 | _aX,128P | ||
| 650 |
_aFACULTY DEVELOPMENT - HANDBOOK _964210 |
||
| 942 |
_cBK _2ddc |
||
| 999 |
_c572786 _d572786 |
||